| 000 | 00748nam a2200217 i 4500 | ||
|---|---|---|---|
| 003 | IT-RoINE | ||
| 005 | 20191128070229.0 | ||
| 008 | 840924s1982 sp r 001 spa d | ||
| 020 | _a8460027767 | ||
| 040 |
_aIBH _bspa _cIT-RoINE _erdc |
||
| 245 | 1 | 0 |
_aCrónica de Juan II de Castilla / _cedición de Juan de Mata Carriazo y Arroguia. |
| 260 |
_aMadrid : _bReal Academia de la Historia, _c1982. |
||
| 300 |
_a433 p. ; _c26 cm. |
||
| 336 |
_2rdacontent _atext |
||
| 337 |
_2rdamedia _aunmediated |
||
| 338 |
_2rdacarrier _avolume |
||
| 651 | 4 |
_aCastilla (Reino) _xHistoria _y1406-1454 (Juan II) _97296 |
|
| 700 | 1 | 1 |
_aCarriazo y Arroquia, Juan de Mata, _d1899-1989 _910120 |
| 710 | 2 | 1 |
_9501 _aReal Academia de la Historia (Madrid, España) |
| 942 | _cMTS | ||
| 999 |
_c5476 _d5476 |
||